Guess the celebrity - Random1 - Statistics

General Stats
  • This quiz has been taken 54 times
  • The average score is 11 of 16
Answer Stats
Picture Answer % Correct
katy perry
90%
crisiano ronaldo
82%
zendaya
82%
daniel radcliffe
78%
steve jobs
76%
jackie chan
73%
killian mbappe
73%
margot robbie
73%
Mr beast
71%
post malone
69%
michael phelps
61%
michael B jordan
59%
jason statham
55%
cillian murphy
51%
millie booby brown
47%
kristen stewart
45%
No matching quizzes found
Score Distribution
Percent of People with Each Score
Percentile by Number Answered
Your Score History
You have not taken this quiz